| 000 | 00485nam a2200181Ia 4500 | ||
|---|---|---|---|
| 008 | 230917s9999||||xx |||||||||||||| ||und|| | ||
| 020 | _cRS1295 | ||
| 040 |
_e252398 _aMAIN |
||
| 041 | _aEnglish | ||
| 082 | _a005.82 S15C(4) | ||
| 100 | _aStinson, Douglas R | ||
| 245 | 0 | _aCryptography: Theory and practice | |
| 250 | _a4th ed. | ||
| 260 |
_aBoca Raton _bCRC Press _c2019 |
||
| 300 | _axvii, 580 p. | ||
| 500 | _a3598 10/09/2019 APD19/1089348 17/01/2019 Main Budget | ||
| 942 | _cBK | ||
| 999 |
_c32676 _d32676 |
||